| 000 | 00867nam a22002057a 4500 | ||
|---|---|---|---|
| 999 |
_c16984 _d16984 |
||
| 003 | AR-CdUCM | ||
| 008 | 190507b ||||| |||| 00| 0 spa d | ||
| 040 |
_aMUNICIPALIDAD PROVINCIAL DEL CUSCO _cBIBLIOTECA MUNICIPAL DEL CUSCO |
||
| 082 |
_23ed _a575 / _bV54 |
||
| 100 |
_aVeselov, E. _936775 |
||
| 245 | _aLa evolución de la vida / | ||
| 260 |
_aBuenos Aires : _bCartago, _c1966. |
||
| 300 |
_a188 páginas ; _bIlustraciones, _c20 cm. |
||
| 505 | _aContenido: Dos enigmas de la naturaleza viva, la diversidad de los seres vivos y la armonía de su estructura, la multiplicidad de formas de la vida en la tierra -- ¿Cómo se explica la diversidad y la armonía estructurales de las plantas y de los animales?... | ||
| 650 |
_aEvolución _97012 |
||
| 650 |
_aVida _9884 |
||
| 650 |
_aPlantas y animales _936776 |
||
| 942 |
_2ddc _cLIBROS |
||
| 945 |
_adavv _d07/05/2019 |
||